Statistics for Magic in the Answer

Click here to take the quiz!

General Stats

  • This quiz has been taken 22,248 times
  • The average score is 12 of 20

Answer Stats

ClueAnswer% Correct
How Aladdin gets aroundMagic Carpet
96%
Wizard's weapon of choiceMagic Wand
96%
What Jack traded for a cow (in a fairy tale)Magic Beans
86%
Genie prisonMagic Lamp
86%
HIV-positive sports heroMagic Johnson
79%
What Puff wasMagic Dragon
78%
Channing Tatum movieMagic Mike
71%
PleaseMagic Word
70%
Part of Disney WorldMagic Kingdom
66%
It can bring a snowman to lifeMagic Hat
58%
The government in Harry PotterMinistry of Magic
54%
NBA basketball teamOrlando Magic
48%
Witchcraft or necromancy, for exampleBlack Magic
47%
What Hagrid teaches at HogwartsMagical Creatures
43%
They contain psilocybinMagic Mushrooms
39%
Reply hazy, try againMagic 8-Ball
38%
Mozart operaThe Magic Flute
36%
Card game with spells and manaMagic: The Gathering
35%
Beatles albumMagical Mystery Tour
25%
Gabriel García Márquez's style of writingMagical Realism
13%

Score Distribution

Percentile by Number Answered

Percent of People with Each Score

Your Score History

You have not taken this quiz